00620nam a2200133Ia 4500008004100000100002800041245009700069245017200166260005300338260000900391300001000400650001500410856006100425170221s9999 xx 000 0 und d aAleksander S. Drovnikov aTeachers Professional Competence Assessment Technology in Qualification Improvement Process  cAleksander S. Drovnikov, Evgeni L. Nikolaev, Anton S. Afanasev, Vladimir N. Ivanov, Tatyana N. Petrova, Galina G. Tenyukova, Natalia L. Maksimova, Faina V. Povshednaya bInternational Review of Management and Marketing c2016 a6 : 1 xMarketing. uhttp://www.econjournals.com/index.php/irmm/issue/view/64